000 00299nam a2200109Ia 4500
003 GCL
008 140319s9999 xx 000 0 ara d
040 _aGCL /
_cGCL
082 0 4 _aط
_b813.02
_bع ح
245 1 0 _aحكاية الارنب والسلحفاه من الفائز ?
490 _aاطفالنا
_v0
999 _c42773
_d42773